| 000 | 004620000a22001810004500 | ||
|---|---|---|---|
| 003 | MACL | ||
| 005 | 20150826152537.0 | ||
| 008 | 150826b xxu||||| |||| 00| 0 eng d | ||
| 040 |
_aMACL _cMACL |
||
| 041 | _aEnglish | ||
| 082 | _a745/CHA | ||
| 100 |
_aChattopadhyay, Kamaladevi _97546 |
||
| 245 | _aThe Glory Of Indian Handicrafts | ||
| 260 |
_bIndian Book Company _c1976 _aNew Delhi |
||
| 350 | _a45 | ||
| 650 |
_aDecorative Arts _97454 |
||
| 942 |
_cBK _k745 _2ddc |
||
| 999 |
_c6733 _d6733 |
||